000 00475nam a2200145 4500
999 _c16122
_d16122
008 210422b ||||| |||| 00| 0 eng d
022 _a1559-663X
082 _aDPer 420.705 En36 c2006-2008
100 _aWilhelm, Kim Hughes.
_943196
245 _aNo books and 150 students?
_cKim Hughes Wilhelm.
260 _aWashington, D.C. :
_bEnglish Teaching Forum,
_cc2006-2008.
300 _av44 n3, pages 22-26:
_c27 cm.
650 _aTeaching
_xStrategy.
_943186
942 _2ddc
_cPER